| 000 | 00863nam a22002297a 4500 | ||
|---|---|---|---|
| 003 | OSt | ||
| 005 | 20130611124142.0 | ||
| 008 | 130611s1999 sp ||||| |||| 00| 0 spa d | ||
| 020 | _a8489633959 | ||
| 040 | _cCDMR | ||
| 245 | 0 | 0 |
_aPolítica y medios de comunicación _ccoordinadores Luis Núñez Ladevéze, Justino Sinova ; Isidro Alonso Hinojal... [et al.] |
| 260 |
_aMadrid _bFundación para el Análisis y los Estudios Sociales _c1999 |
||
| 300 | _a273 p. | ||
| 490 | 0 |
_aPapeles de la Fundación _v53 |
|
| 650 | 0 | 4 |
_93208 _aPeriodisme _xDret i legislació |
| 650 | 0 | 4 |
_92807 _aMitjans de comunicació de massa _xAspectes polítics |
| 650 | 0 | 4 |
_92757 _aMitjans de comunicació de massa _xAspectes socials |
| 700 | 1 |
_93749 _aAlonso Hinojal, Isidro |
|
| 700 | 1 |
_9759 _aNúñez Ladevéze, Luís _ecoord. |
|
| 700 | 1 |
_91430 _aSinova, Justino _ecoord. |
|
| 942 |
_2udc _cMON |
||
| 999 |
_c6444 _d6444 |
||